Loading...
Fine Arts - Visual Fine Arts | 0 | 4 | 0 | 1 | 40 | 54 | 93.25 | 1 | 2 |
Literature - World/Other Literature | 0 | 4 | 0 | 1 | 40 | 92 | 116.00 | 0 | 1 |
History - American History | 0 | 5 | 2 | 0 | 40 | 47 | 74.40 | 0 | 3 |
Literature - British Literature | 0 | 4 | 0 | 0 | 40 | 87 | 100.50 | 0 | 3 |
Literature - European Literature | 0 | 3 | 0 | 0 | 30 | 80 | 102.00 | 0 | 1 |
Literature - American Literature | 0 | 3 | 1 | 0 | 25 | 59 | 86.33 | 0 | 1 |
Fine Arts - Other Fine Arts | 0 | 2 | 0 | 1 | 20 | 90 | 112.00 | 0 | 0 |
History - World History | 0 | 2 | 1 | 1 | 15 | 54 | 87.50 | 0 | 1 |
Philosophy | 0 | 1 | 0 | 0 | 10 | 124 | 124.00 | 0 | 0 |
Pop Culture | 0 | 1 | 0 | 0 | 10 | 92 | 92.00 | 0 | 0 |
Religion | 0 | 1 | 0 | 0 | 10 | 86 | 86.00 | 0 | 0 |
Geography/Current Events | 0 | 1 | 1 | 0 | 5 | 71 | 71.00 | 0 | 1 |
History - Other History | 0 | 1 | 1 | 0 | 5 | 45 | 45.00 | 0 | 1 |
History - European History | 0 | 1 | 1 | 0 | 5 | 86 | 86.00 | 0 | 0 |